[Event "Muensterland Verbandsklasse playoff 5-8"]
[Site "Germany"]
[Date "2023.04.22"]
[Round "2.4"]
[White "Baer, Klaus"]
[Black "Knispel Roth, Martin"]
[Result "1/2-1/2"]
[WhiteElo "1682"]
[BlackElo "1812"]
[PlyCount "22"]
[EventDate "2023.03.11"]
[EventType "team-k.o."]
[EventRounds "2"]
[EventCountry "GER"]
[SourceTitle "EXT 2024"]
[Source "ChessBase"]
[SourceDate "2023.10.10"]
[SourceVersion "1"]
[SourceVersionDate "2023.10.10"]
[SourceQuality "1"]
[WhiteTeam "Gronau II"]
[BlackTeam "Muenster Indische Dame"]
[WhiteTeamCountry "GER"]
[BlackTeamCountry "GER"]

1. d4 e6 2. Nf3 Nf6 3. e3 b6 4. Bd3 Bb7 5. Nbd2 d5 6. 0-0 Be7 7. b3 0-0 8. Bb2 Nbd7 9. c4 Re8 10. Rc1 c5 11. Qe2 Ne4 1/2-1/2

[Event "Muensterland Verbandsklasse 1718"]
[Site "Germany"]
[Date "2018.04.28"]
[Round "9.1"]
[White "Knispel Roth, Martin"]
[Black "Ratert, Matthias"]
[Result "1/2-1/2"]
[WhiteElo "1889"]
[BlackElo "1868"]
[PlyCount "80"]
[EventDate "2017.09.16"]
[EventType "team-tourn"]
[EventRounds "9"]
[EventCountry "GER"]
[SourceTitle "EXT 2019"]
[Source "ChessBase"]
[SourceDate "2018.10.10"]
[SourceVersion "1"]
[SourceVersionDate "2018.10.10"]
[SourceQuality "1"]
[WhiteTeam "Muenster Indische Dame"]
[BlackTeam "Rheine Klein Berlin II"]
[WhiteTeamCountry "GER"]
[BlackTeamCountry "GER"]

1. c4 g6 2. Nc3 c5 3. Nf3 Bg7 4. g3 Nc6 5. Bg2 e6 6. 0-0 Nge7 7. d3 0-0 8. Bd2 h6 9. Rb1 d5 10. Qc1 Kh7 11. Nd1 d4 12. a3 a5 13. Qc2 e5 14. e3 Nf5 15. b4 axb4 16. axb4 Nxb4 17. Bxb4 cxb4 18. Rxb4 Qd6 19. Rb3 Ra7 20. Re1 Bd7 21. e4 Ne7 22. Qb1 Bc6 23. Rb6 Rfa8 24. Qb4 Qc7 25. Nb2 Nc8 26. c5 Bf8 27. Qc4 Ra1 28. Bh3 Nxb6 29. cxb6 Rxe1+ 30. Nxe1 Qe7 31. Nf3 Kg7 32. Kg2 Qc5 33. Qxc5 Bxc5 34. Nxe5 Bxb6 35. Nxc6 bxc6 36. Nc4 Bc7 37. Bd7 Ra6 38. h4 Kf6 39. f4 Ke7 40. Bc8 Ra1 1/2-1/2

[Event "Muensterland Verbandsklasse 1718"]
[Site "Germany"]
[Date "2018.01.27"]
[Round "5.2"]
[White "Sandmann, Matthias"]
[Black "Knispel Roth, Martin"]
[Result "1/2-1/2"]
[WhiteElo "1864"]
[BlackElo "1889"]
[PlyCount "32"]
[EventDate "2017.09.16"]
[EventType "team-tourn"]
[EventRounds "9"]
[EventCountry "GER"]
[SourceTitle "EXT 2019"]
[Source "ChessBase"]
[SourceDate "2018.10.10"]
[SourceVersion "1"]
[SourceVersionDate "2018.10.10"]
[SourceQuality "1"]
[WhiteTeam "Nordwalde"]
[BlackTeam "Muenster Indische Dame"]
[WhiteTeamCountry "GER"]
[BlackTeamCountry "GER"]

1. Nf3 Nf6 2. g3 g6 3. Bg2 Bg7 4. 0-0 0-0 5. Re1 d5 6. d4 c6 7. Nbd2 Nbd7 8. c3 Qc7 9. e4 dxe4 10. Nxe4 Nxe4 11. Rxe4 Nf6 12. Re2 Bg4 13. Qb3 Bxf3 14. Bxf3 e6 15. Bf4 Qd7 16. Be5 Rfd8 1/2-1/2

[Event "Muensterland Verbandsklasse 1617"]
[Site "Germany"]
[Date "2017.03.25"]
[Round "8.1"]
[White "Knispel Roth, Martin"]
[Black "Da Costa Campos, Andre"]
[Result "1/2-1/2"]
[WhiteElo "1902"]
[BlackElo "1909"]
[PlyCount "29"]
[EventDate "2016.09.24"]
[EventType "team"]
[EventRounds "9"]
[EventCountry "GER"]
[SourceTitle "EXT 2018"]
[Source "ChessBase"]
[SourceDate "2017.10.13"]
[SourceVersion "1"]
[SourceVersionDate "2017.10.13"]
[SourceQuality "1"]
[WhiteTeam "Muenster Indische Dame"]
[BlackTeam "Nienberge II"]
[WhiteTeamCountry "GER"]
[BlackTeamCountry "GER"]

1. Nf3 Nf6 2. c4 e6 3. g3 d5 4. Bg2 c5 5. d4 Nc6 6. 0-0 cxd4 7. Nxd4 Be7 8. Nc3 0-0 9. cxd5 exd5 10. h3 Be6 11. Be3 Qd7 12. Nxe6 fxe6 13. Bg5 Rad8 14. Qa4 h6 15. Bxf6 1/2-1/2

[Event "Muensterland Verbandsklasse 1516"]
[Site "Germany"]
[Date "2016.05.28"]
[Round "9.2"]
[White "Knispel Roth, Martin"]
[Black "Hofene, Josef"]
[Result "1-0"]
[WhiteElo "1897"]
[BlackElo "1719"]
[PlyCount "57"]
[EventDate "2015.09.19"]
[EventType "team"]
[EventRounds "9"]
[EventCountry "GER"]
[SourceTitle "EXT 2017"]
[Source "ChessBase"]
[SourceDate "2016.10.25"]
[SourceVersion "1"]
[SourceVersionDate "2016.10.25"]
[SourceQuality "1"]
[WhiteTeam "Muenster Indische Dame"]
[BlackTeam "Beelen II"]
[WhiteTeamCountry "GER"]
[BlackTeamCountry "GER"]

1. Nf3 c5 2. c4 Nf6 3. g3 d5 4. cxd5 Nxd5 5. Bg2 Nc6 6. 0-0 g6 7. d4 cxd4 8. Nxd4 Bg7 9. Nxc6 bxc6 10. Qa4 Bd7 11. Rd1 0-0 12. e4 Nb6 13. Qc2 Qc8 14. Nc3 Bh3 15. Bg5 e5 16. Na4 Bxg2 17. Kxg2 Qg4 18. Be3 f5 19. f3 Qh5 20. Bxb6 fxe4 21. Qxe4 axb6 22. Nxb6 Rab8 23. Nc4 Rbd8 24. Rd6 Rde8 25. Rad1 Re7 26. Rd8 Ref7 27. Rxf8+ Rxf8 28. Rd7 Qg5 29. a4 1-0

[Event "Muensterland Verbandsklasse 1516"]
[Site "Germany"]
[Date "2015.12.19"]
[Round "4.3"]
[White "Knispel Roth, Martin"]
[Black "Fasselt, Hendrik"]
[Result "1/2-1/2"]
[WhiteElo "1897"]
[BlackElo "1794"]
[PlyCount "36"]
[EventDate "2015.09.19"]
[EventType "team"]
[EventRounds "9"]
[EventCountry "GER"]
[SourceTitle "EXT 2017"]
[Source "ChessBase"]
[SourceDate "2016.10.25"]
[SourceVersion "1"]
[SourceVersionDate "2016.10.25"]
[SourceQuality "1"]
[WhiteTeam "Muenster Indische Dame"]
[BlackTeam "Raesfeld Erle II"]
[WhiteTeamCountry "GER"]
[BlackTeamCountry "GER"]

1. Nf3 d5 2. g3 Nf6 3. Bg2 g6 4. 0-0 Bg7 5. c4 0-0 6. cxd5 Nxd5 7. Nc3 c6 8. d4 Nd7 9. e4 N5f6 10. h3 Re8 11. e5 Nd5 12. Nxd5 cxd5 13. Bf4 Qb6 14. Qb3 Qxb3 15. axb3 Nb6 16. Rfc1 Bd7 17. Ne1 e6 18. Bf1 Rec8 1/2-1/2

[Event "Muensterland Verbandsliga 1415"]
[Site "Germany"]
[Date "2015.05.09"]
[Round "9.3"]
[White "Liu, Yi Nan Julian"]
[Black "Knispel Roth, Martin"]
[Result "1-0"]
[WhiteElo "1787"]
[BlackElo "1906"]
[PlyCount "55"]
[EventDate "2014.09.06"]
[EventType "team-tourn"]
[EventRounds "9"]
[EventCountry "GER"]
[SourceTitle "EXT 2016"]
[Source "ChessBase"]
[SourceDate "2015.10.08"]
[SourceVersion "1"]
[SourceVersionDate "2015.10.08"]
[SourceQuality "1"]
[WhiteTeam "Muenster V"]
[BlackTeam "Muenster Indische Dame"]
[WhiteTeamCountry "GER"]
[BlackTeamCountry "GER"]

1. e4 e6 2. d4 d5 3. Nc3 Bb4 4. exd5 exd5 5. Bd3 Nc6 6. a3 Bxc3+ 7. bxc3 Nge7 8. Qh5 Qd6 9. Ne2 Qe6 10. Bf4 Kd8 11. h3 Nf5 12. Qg5+ Qf6 13. Qxf6+ gxf6 14. g4 Nd6 15. Bxd6 cxd6 16. Nf4 Ne7 17. Kd2 Be6 18. Rae1 Bd7 19. Re3 f5 20. g5 Ng6 21. Nxd5 Bc6 22. c4 Nf4 23. Bxf5 Bxd5 24. cxd5 Nxd5 25. Rf3 Ne7 26. Bd3 h6 27. Rxf7 Ke8 28. g6 1-0

[Event "Muensterland Verbandsliga 1415"]
[Site "Germany"]
[Date "2014.11.08"]
[Round "3.2"]
[White "Berger, Alfred Josef"]
[Black "Knispel Roth, Martin"]
[Result "1/2-1/2"]
[WhiteElo "1955"]
[BlackElo "1906"]
[PlyCount "66"]
[EventDate "2014.09.06"]
[EventType "team-tourn"]
[EventRounds "9"]
[EventCountry "GER"]
[SourceTitle "EXT 2016"]
[Source "ChessBase"]
[SourceDate "2015.10.08"]
[SourceVersion "1"]
[SourceVersionDate "2015.10.08"]
[SourceQuality "1"]
[WhiteTeam "Heiden"]
[BlackTeam "Muenster Indische Dame"]
[WhiteTeamCountry "GER"]
[BlackTeamCountry "GER"]

1. d4 e6 2. Nf3 Nf6 3. e3 d5 4. Bd3 c5 5. b3 Nc6 6. Bb2 cxd4 7. exd4 Bd6 8. 0-0 0-0 9. Nbd2 Bd7 10. a3 Rc8 11. Ne5 Qb6 12. Nxd7 Nxd7 13. Qh5 g6 14. Qh6 Nxd4 15. Rae1 Rfe8 16. Re3 Bf8 17. Qh4 Nf5 18. Bxf5 exf5 19. Rh3 h6 20. Bd4 Qd8 21. Qf4 Qc7 22. Qxc7 Rxc7 23. c3 Bg7 24. Bxg7 Kxg7 25. Rd3 Nf6 26. f3 b5 27. Kf2 Rce7 28. c4 Re2+ 29. Kg1 dxc4 30. bxc4 bxc4 31. Nxc4 Rc2 32. Nd2 Re2 33. Rf2 Rc1+ 1/2-1/2

[Event "Muensterland Verbandsliga 1314"]
[Site "Germany"]
[Date "2013.12.07"]
[Round "4.3"]
[White "Knispel Roth, Martin"]
[Black "Just, Evgeny"]
[Result "0-1"]
[WhiteElo "1927"]
[BlackElo "1861"]
[PlyCount "112"]
[EventDate "2013.09.07"]
[EventType "team-tourn"]
[EventRounds "9"]
[EventCountry "GER"]
[SourceTitle "EXT 2015"]
[Source "ChessBase"]
[SourceDate "2014.11.20"]
[SourceVersion "1"]
[SourceVersionDate "2014.11.20"]
[SourceQuality "1"]
[WhiteTeam "Muenster Indische Dame"]
[BlackTeam "Steinfurt"]
[WhiteTeamCountry "GER"]
[BlackTeamCountry "GER"]

1. Nf3 Nf6 2. g3 g6 3. Bg2 Bg7 4. 0-0 0-0 5. c4 Re8 6. d4 d6 7. Nc3 Nbd7 8. h3 c6 9. e4 e5 10. d5 cxd5 11. cxd5 Nc5 12. Bg5 Qb6 13. Bxf6 Bxf6 14. Na4 Nxa4 15. Qxa4 Rd8 16. Qb3 Qxb3 17. axb3 Bd7 18. Rfc1 Rdc8 19. Bf1 Rxc1 20. Rxc1 Rc8 21. Rc4 Kf8 22. Kg2 Ke7 23. Ne1 Bg5 24. Nd3 Bd2 25. f4 f6 26. Kf3 Kd8 27. Nf2 Ba5 28. Ng4 Ke7 29. Ne3 Bb6 30. Rxc8 Bxc8 31. Nc2 Kd8 32. g4 Bd7 33. f5 Ke7 34. Bd3 Kf7 35. Bc4 Kg7 36. b4 Kh6 37. b3 Kg5 38. Kg3 gxf5 39. exf5 h5 40. Ne1 hxg4 41. hxg4 e4 42. Nc2 a6 43. Be2 Be8 44. Bf1 Bf7 45. Bc4 Ba7 46. b5 axb5 47. Bxb5 Bxd5 48. Bc4 Bxc4 49. bxc4 Bc5 50. Ne1 Bd4 51. Ng2 Be5+ 52. Kh3 Bf4 53. Nh4 Bd2 54. Ng2 e3 55. Kg3 e2 56. Kf2 e1Q+ 0-1

[Event "Muensterland Verbandsklasse-A 1213"]
[Site "Germany"]
[Date "2013.04.20"]
[Round "8.3"]
[White "Knispel Roth, Martin"]
[Black "Diehlmann, Christian"]
[Result "1/2-1/2"]
[WhiteElo "1931"]
[BlackElo "1912"]
[PlyCount "91"]
[EventDate "2012.09.15"]
[EventType "team-tourn"]
[EventRounds "9"]
[EventCountry "GER"]
[SourceTitle "EXT 2015"]
[Source "ChessBase"]
[SourceDate "2014.11.20"]
[SourceVersion "1"]
[SourceVersionDate "2014.11.20"]
[SourceQuality "1"]
[WhiteTeam "Muenster Indische Dame"]
[BlackTeam "Ahaus Wessum"]
[WhiteTeamCountry "GER"]
[BlackTeamCountry "GER"]

1. Nf3 d5 2. g3 Nf6 3. Bg2 c5 4. 0-0 Nc6 5. d4 e6 6. c4 Qb6 7. cxd5 Nxd5 8. e4 Nf6 9. d5 Nb4 10. Nc3 Be7 11. a3 Na6 12. d6 Bf8 13. e5 Ng8 14. Nd2 Nh6 15. Nc4 Qd8 16. Bxh6 gxh6 17. Ne4 Bg7 18. d7+ Qxd7 19. Ned6+ Ke7 20. Nxc8+ Raxc8 21. Qxd7+ Kxd7 22. Bxb7 Nc7 23. Bxc8+ Rxc8 24. Rac1 Nd5 25. Rfd1 Ke7 26. Rc2 f6 27. exf6+ Bxf6 28. Rd3 Rb8 29. Re2 Bd4 30. Kg2 h5 31. b4 Rg8 32. Re4 Rf8 33. f3 Kf6 34. Rdxd4 cxd4 35. Rxd4 Rc8 36. Kh3 Rf8 37. Kg2 Rd8 38. Kf2 Rc8 39. Ne3 Nb6 40. Rd3 Rc1 41. Ke2 h6 42. h4 Ke5 43. a4 Nxa4 44. Ra3 Nc3+ 45. Kd2 Nb1+ 46. Kxc1 1/2-1/2

[Event "Muensterland Verbandsklasse-A 1213"]
[Site "Germany"]
[Date "2013.03.16"]
[Round "7.3"]
[White "Borutta, Niklas"]
[Black "Knispel Roth, Martin"]
[Result "1-0"]
[WhiteElo "2009"]
[BlackElo "1931"]
[PlyCount "63"]
[EventDate "2012.09.15"]
[EventType "team-tourn"]
[EventRounds "9"]
[EventCountry "GER"]
[SourceTitle "EXT 2015"]
[Source "ChessBase"]
[SourceDate "2014.11.20"]
[SourceVersion "1"]
[SourceVersionDate "2014.11.20"]
[SourceQuality "1"]
[WhiteTeam "Heiden"]
[BlackTeam "Muenster Indische Dame"]
[WhiteTeamCountry "GER"]
[BlackTeamCountry "GER"]

1. e4 e6 2. d4 d5 3. exd5 exd5 4. Bd3 Nc6 5. Nf3 Bg4 6. c3 Bd6 7. 0-0 Nge7 8. Bg5 Qd7 9. Nbd2 0-0-0 10. b4 f6 11. Be3 Nf5 12. b5 Nce7 13. a4 Ng6 14. h3 Nxe3 15. fxe3 Be6 16. a5 Rde8 17. b6 cxb6 18. axb6 a6 19. Qb3 Bb8 20. c4 Bxh3 21. gxh3 Qxh3 22. Rf2 Re4 23. Bxe4 dxe4 24. Nh2 Nh4 25. Ndf1 h5 26. c5 Bg3 27. Nxg3 Qxg3+ 28. Kf1 Qh3+ 29. Ke2 Rd8 30. c6 Rxd4 31. Qg8+ Rd8 32. cxb7+ 1-0

[Event "Muensterland Verbandsklasse-A 1213"]
[Site "Germany"]
[Date "2012.11.17"]
[Round "3.3"]
[White "Beutelhoff, Josef"]
[Black "Knispel Roth, Martin"]
[Result "1/2-1/2"]
[WhiteElo "2003"]
[BlackElo "1931"]
[PlyCount "38"]
[EventDate "2012.09.15"]
[EventType "team-tourn"]
[EventRounds "9"]
[EventCountry "GER"]
[SourceTitle "EXT 2015"]
[Source "ChessBase"]
[SourceDate "2014.11.20"]
[SourceVersion "1"]
[SourceVersionDate "2014.11.20"]
[SourceQuality "1"]
[WhiteTeam "Olfen"]
[BlackTeam "Muenster Indische Dame"]
[WhiteTeamCountry "GER"]
[BlackTeamCountry "GER"]

1. d4 e6 2. c4 Nf6 3. Nc3 Bb4 4. Qc2 d6 5. Nf3 0-0 6. Bd2 Nbd7 7. a3 Bxc3 8. Bxc3 Re8 9. Rd1 Qe7 10. e4 e5 11. dxe5 Nxe5 12. Nxe5 dxe5 13. Be2 Bd7 14. 0-0 Bc6 15. Bf3 Rad8 16. Bb4 Qe6 17. Bc5 b6 18. Be3 h6 19. h3 Qe7 1/2-1/2

[Event "Muensterland Verbandsklasse-A 0910"]
[Site "Germany"]
[Date "2010.01.09"]
[Round "5.1"]
[White "Knispel Roth, Martin"]
[Black "Stegemann, Norbert"]
[Result "1/2-1/2"]
[WhiteElo "1902"]
[BlackElo "1951"]
[PlyCount "45"]
[EventDate "2009.09.19"]
[EventType "team-tourn"]
[EventRounds "9"]
[EventCountry "GER"]
[SourceTitle "EXT 2011"]
[Source "ChessBase"]
[SourceDate "2010.11.26"]
[SourceVersion "1"]
[SourceVersionDate "2010.11.26"]
[SourceQuality "1"]
[WhiteTeam "Muenster Indische Dame"]
[BlackTeam "Duelmen"]
[WhiteTeamCountry "GER"]
[BlackTeamCountry "GER"]

1. Nf3 Nf6 2. c4 e6 3. g3 b6 4. Bg2 Bb7 5. 0-0 Be7 6. Nc3 0-0 7. d4 Ne4 8. Nxe4 Bxe4 9. d5 d6 10. Nd4 Bxg2 11. Kxg2 e5 12. Nc2 f5 13. e4 fxe4 14. Qg4 Nd7 15. Qxe4 a5 16. Be3 Qe8 17. Qg4 Rf6 18. Na3 Rg6 19. Qf5 Rf6 20. Qg4 Rg6 21. Qf5 Rf6 22. Qg4 Rg6 23. Qf5 1/2-1/2

[Event "Muensterland Verbandsklasse-A 0910"]
[Site "Germany"]
[Date "2009.12.19"]
[Round "4.1"]
[White "Voskuhl, Jens"]
[Black "Knispel Roth, Martin"]
[Result "1/2-1/2"]
[WhiteElo "1983"]
[BlackElo "1902"]
[PlyCount "22"]
[EventDate "2009.09.19"]
[EventType "team-tourn"]
[EventRounds "9"]
[EventCountry "GER"]
[SourceTitle "EXT 2011"]
[Source "ChessBase"]
[SourceDate "2010.11.26"]
[SourceVersion "1"]
[SourceVersionDate "2010.11.26"]
[SourceQuality "1"]
[WhiteTeam "Ibbenbueren"]
[BlackTeam "Muenster Indische Dame"]
[WhiteTeamCountry "GER"]
[BlackTeamCountry "GER"]

1. d4 e6 2. Nf3 Nf6 3. e3 b6 4. c3 Bb7 5. Nbd2 Be7 6. Bd3 d5 7. 0-0 Nbd7 8. Qe2 0-0 9. Ne5 Nxe5 10. dxe5 Nd7 11. f4 Nc5 1/2-1/2

[Event "Muensterland Verbandsklasse-A 0910"]
[Site "Germany"]
[Date "2009.11.21"]
[Round "3.1"]
[White "Koke, Christoph"]
[Black "Knispel Roth, Martin"]
[Result "1/2-1/2"]
[WhiteElo "2008"]
[BlackElo "1902"]
[PlyCount "38"]
[EventDate "2009.09.19"]
[EventType "team-tourn"]
[EventRounds "9"]
[EventCountry "GER"]
[SourceTitle "EXT 2011"]
[Source "ChessBase"]
[SourceDate "2010.11.26"]
[SourceVersion "1"]
[SourceVersionDate "2010.11.26"]
[SourceQuality "1"]
[WhiteTeam "Olfen"]
[BlackTeam "Muenster Indische Dame"]
[WhiteTeamCountry "GER"]
[BlackTeamCountry "GER"]

1. e4 e6 2. d4 d5 3. Nd2 dxe4 4. Nxe4 Be7 5. Nf3 Nf6 6. Ng3 Nbd7 7. Bd3 c5 8. c3 cxd4 9. Nxd4 Ne5 10. Bc2 0-0 11. 0-0 Bd7 12. Re1 Ng6 13. Qe2 Re8 14. Bg5 Qc7 15. Rad1 Rad8 16. Bb1 Bc6 17. Nxc6 bxc6 18. Rxd8 Rxd8 19. Rd1 Rd5 1/2-1/2

[Event "Muensterland Verbandsklasse-A 0910"]
[Site "Germany"]
[Date "2009.09.19"]
[Round "1.1"]
[White "Pollok, Ralf"]
[Black "Knispel Roth, Martin"]
[Result "1/2-1/2"]
[WhiteElo "2006"]
[BlackElo "1902"]
[PlyCount "61"]
[EventDate "2009.09.19"]
[EventType "team-tourn"]
[EventRounds "9"]
[EventCountry "GER"]
[SourceTitle "EXT 2011"]
[Source "ChessBase"]
[SourceDate "2010.11.26"]
[SourceVersion "1"]
[SourceVersionDate "2010.11.26"]
[SourceQuality "1"]
[WhiteTeam "Raesfeld Erle"]
[BlackTeam "Muenster Indische Dame"]
[WhiteTeamCountry "GER"]
[BlackTeamCountry "GER"]

1. d4 Nf6 2. c4 e6 3. Nc3 Bb4 4. Qc2 c5 5. dxc5 0-0 6. Nf3 Na6 7. a3 Bxc3+ 8. Qxc3 Nxc5 9. b4 Nce4 10. Qd4 d5 11. Bb2 dxc4 12. Qxc4 Bd7 13. e3 Ba4 14. Bd3 Rc8 15. Qd4 Bc2 16. Bxc2 Rxc2 17. 0-0 Nd2 18. Nxd2 Rxd2 19. Qe5 Qd5 20. Qxd5 Nxd5 21. Bd4 a6 22. Rfc1 Rd8 23. Kf1 Rd3 24. g3 f6 25. Ke2 Rb3 26. Kd2 a5 27. bxa5 e5 28. Kc2 Rb5 29. Bb6 Nxb6 30. axb6 Rxb6 31. Rd1 1/2-1/2

[Event "Muensterland Verbandsklasse-B 0809"]
[Site "Germany"]
[Date "2009.02.28"]
[Round "7.3"]
[White "Grotenhuis, Gerard"]
[Black "Knispel Roth, Martin"]
[Result "0-1"]
[WhiteElo "1978"]
[BlackElo "1890"]
[PlyCount "92"]
[EventDate "2008.09.13"]
[EventType "team-tourn"]
[EventRounds "9"]
[EventCountry "GER"]
[SourceTitle "EXT 2010"]
[Source "ChessBase"]
[SourceDate "2010.11.25"]
[SourceVersion "1"]
[SourceVersionDate "2010.11.25"]
[SourceQuality "1"]
[WhiteTeam "Gronau"]
[BlackTeam "Muenster Indische Dame"]
[WhiteTeamCountry "GER"]
[BlackTeamCountry "GER"]

1. b3 Nf6 2. Bb2 c5 3. e3 Nc6 4. f4 d6 5. Nf3 g6 6. Bxf6 exf6 7. Nc3 Bg7 8. Bc4 f5 9. h4 Bxc3 10. dxc3 Qe7 11. Qd3 Be6 12. Bb5 0-0-0 13. b4 Bd7 14. a4 cxb4 15. Rb1 a6 16. Bxa6 bxa6 17. cxb4 Nb8 18. b5 axb5 19. axb5 Qe4 20. Qc3+ Kb7 21. 0-0 Rc8 22. Qa3 Rhe8 23. Rfe1 Rxc2 24. Ra1 Kc8 25. Rac1 Rxc1 26. Qxc1+ Kb7 27. Nd2 Qb4 28. b6 Bc6 29. Nc4 Re4 30. Nd2 Re7 31. Qc2 Qc5 32. Qa2 Qd5 33. Nc4 Qxg2+ 34. Qxg2 Bxg2 35. Kxg2 d5 36. Ra1 dxc4 37. Ra7+ Kxb6 38. Rxe7 c3 39. Re8 c2 40. Rxb8+ Kc7 41. Rf8 c1Q 42. Rxf7+ Kd6 43. Rxh7 Qxe3 44. Rh6 Qe2+ 45. Kg1 Qg4+ 46. Kh1 Kd5 0-1

[Event "Muensterland Verbandsklasse-B 0708"]
[Site "Germany"]
[Date "2008.04.12"]
[Round "8.2"]
[White "Knispel Roth, Martin"]
[Black "Voss, Norbert"]
[Result "1/2-1/2"]
[WhiteElo "1842"]
[BlackElo "1805"]
[PlyCount "24"]
[EventDate "2007.09.15"]
[EventType "team"]
[EventRounds "9"]
[EventCountry "GER"]
[SourceTitle "EXT 2009"]
[Source "ChessBase"]
[SourceDate "2008.11.26"]
[SourceVersion "1"]
[SourceVersionDate "2008.11.26"]
[SourceQuality "1"]
[WhiteTeam "Muenster Indische Dame"]
[BlackTeam "Muenster SK V"]
[WhiteTeamCountry "GER"]
[BlackTeamCountry "GER"]

1. Nf3 Nc6 2. d4 d5 3. Bf4 Bg4 4. e3 e6 5. Nbd2 Bd6 6. Bxd6 cxd6 7. Be2 Nf6 8. 0-0 0-0 9. c3 a6 10. a4 Rc8 11. Re1 Qc7 12. Qb1 e5 1/2-1/2

[Event "Muensterland Verbandsklasse-B 0708"]
[Site "Germany"]
[Date "2008.01.26"]
[Round "5.2"]
[White "Musholt, Joachim"]
[Black "Knispel Roth, Martin"]
[Result "1-0"]
[WhiteElo "1859"]
[BlackElo "1842"]
[PlyCount "65"]
[EventDate "2007.09.15"]
[EventType "team"]
[EventRounds "9"]
[EventCountry "GER"]
[SourceTitle "EXT 2009"]
[Source "ChessBase"]
[SourceDate "2008.11.26"]
[SourceVersion "1"]
[SourceVersionDate "2008.11.26"]
[SourceQuality "1"]
[WhiteTeam "Suedlohn II"]
[BlackTeam "Muenster Indische Dame"]
[WhiteTeamCountry "GER"]
[BlackTeamCountry "GER"]

1. e4 e6 2. d4 d5 3. Nc3 Bb4 4. e5 c5 5. a3 Bxc3+ 6. bxc3 Ne7 7. f4 Nbc6 8. Nf3 Bd7 9. Be2 Qa5 10. 0-0 f6 11. Bd2 0-0-0 12. Rb1 Qc7 13. Rb5 cxd4 14. cxd4 Nxe5 15. fxe5 Bxb5 16. Bxb5 fxe5 17. Nxe5 Qb6 18. Qe2 Qxd4+ 19. Kh1 Nf5 20. Nf7 Qe4 21. Qf2 d4 22. Bd3 Qh4 23. Bxf5 Qxf2 24. Bxe6+ Kb8 25. Rxf2 Rhf8 26. Kg1 d3 27. c4 Rd4 28. Bd5 Re8 29. Kf1 Rh4 30. g3 Rh5 31. Bf4+ Ka8 32. Rb2 Re7 33. Nd6 1-0

[Event "Muensterland Verbandsklasse-A 0607"]
[Site "Germany"]
[Date "2007.04.21"]
[Round "8.2"]
[White "Stegemann, Norbert"]
[Black "Knispel Roth, Martin"]
[Result "1-0"]
[WhiteElo "1953"]
[BlackElo "1846"]
[PlyCount "81"]
[EventDate "2006.09.23"]
[EventType "team"]
[EventRounds "9"]
[EventCountry "GER"]
[SourceTitle "EXT 2008"]
[Source "ChessBase"]
[SourceDate "2007.11.25"]
[SourceVersion "1"]
[SourceVersionDate "2007.11.25"]
[SourceQuality "1"]
[WhiteTeam "Duelmen"]
[BlackTeam "Muenster Indische Dame"]
[WhiteTeamCountry "GER"]
[BlackTeamCountry "GER"]

1. c4 e6 2. Nf3 f5 3. d4 Nf6 4. g3 c6 5. Bg2 d5 6. b3 Bd6 7. 0-0 Qe7 8. Nc3 0-0 9. Bb2 Bd7 10. e3 Be8 11. Ne5 Bh5 12. Qc2 Ne4 13. Rae1 Nd7 14. Nd3 Rf6 15. Nf4 Bf7 16. f3 Nxc3 17. Bxc3 Rh6 18. Bd2 Rd8 19. e4 Bxf4 20. Bxf4 g5 21. Bd2 fxe4 22. fxe4 dxc4 23. bxc4 e5 24. d5 Rf6 25. Rxf6 Qxf6 26. Rf1 Qe7 27. Be3 Rc8 28. Qf2 cxd5 29. exd5 Rxc4 30. d6 Qe6 31. Qxf7+ Qxf7 32. Rxf7 Kxf7 33. Bd5+ Ke8 34. Bxc4 h6 35. h4 gxh4 36. gxh4 h5 37. Bg5 e4 38. Be2 Ne5 39. Bb5+ Nc6 40. Bxc6+ bxc6 41. Kf2 1-0

[Event "Muensterland Verbandsklasse-A 0607"]
[Site "Germany"]
[Date "2006.09.23"]
[Round "1.1"]
[White "Knispel Roth, Martin"]
[Black "Berger, Alfred Josef"]
[Result "1/2-1/2"]
[WhiteElo "1846"]
[BlackElo "1876"]
[PlyCount "33"]
[EventDate "2006.09.23"]
[EventType "team"]
[EventRounds "9"]
[EventCountry "GER"]
[SourceTitle "EXT 2008"]
[Source "ChessBase"]
[SourceDate "2007.11.25"]
[SourceVersion "1"]
[SourceVersionDate "2007.11.25"]
[SourceQuality "1"]
[WhiteTeam "Muenster Indische Dame"]
[BlackTeam "Heiden II"]
[WhiteTeamCountry "GER"]
[BlackTeamCountry "GER"]

1. d4 e6 2. Nf3 d5 3. g3 Be7 4. Bg2 Nd7 5. 0-0 Ngf6 6. c4 0-0 7. Nbd2 b6 8. b3 Bb7 9. Bb2 dxc4 10. Nxc4 c5 11. Nfe5 Bxg2 12. Kxg2 Qc7 13. Nxd7 Nxd7 14. Qd3 Rfd8 15. Qf3 Bf6 16. dxc5 Qxc5 17. Rad1 1/2-1/2